[Event "London Classic op U1750 11th"]
[Site "London"]
[Date "2019.12.06"]
[Round "5"]
[White "Hasan, Abu"]
[Black "Burgoyne, Peter"]
[Result "0-1"]
[WhiteElo "1367"]
[BlackElo "1639"]
[PlyCount "110"]
[EventDate "2019.12.02"]
[EventType "swiss"]
[EventRounds "5"]
[EventCountry "ENG"]
[SourceTitle "CBM 195 Extra"]
[Source "ChessBase"]
[SourceDate "2020.05.31"]
[SourceVersion "1"]
[SourceVersionDate "2020.05.31"]
[SourceQuality "1"]

1. e4 c5 2. Nf3 d6 3. Be2 Nc6 4. 0-0 Nf6 5. Nc3 g6 6. d4 cxd4 7. Nxd4 Bg7 8. Nxc6 bxc6 9. e5 dxe5 10. Qxd8+ Kxd8 11. Bc4 e6 12. Bg5 Kc7 13. Rab1 Rb8 14. Rfe1 Nd5 15. Ne4 f6 16. Bd2 Kd7 17. Red1 Ke7 18. a3 f5 19. Nc5 Kf7 20. Ba2 e4 21. Bxd5 exd5 22. Bb4 Re8 23. Nb3 Ba6 24. Nc5 Bb5 25. Nd7 Ra8 26. Nc5 a5 27. Bd2 d4 28. Nb7 Re7 29. Nxa5 c5 30. Nb3 Ba4 31. Rbc1 d3 32. Nxc5 Bxb2 33. Nxa4 Rxa4 34. Bb4 Rd7 35. cxd3 Bxc1 36. Rxc1 exd3 37. Rd1 Ra6 38. f3 Rc6 39. Bd2 Ke6 40. Kf2 Kd5 41. Ke3 Ke6 42. g3 g5 43. h3 Ke5 44. Kf2 Rc2 45. Kf1 h6 46. f4+ gxf4 47. Bxf4+ Ke4 48. Bxh6 Kf3 49. Bd2 Kxg3 50. h4 Kxh4 51. Be1+ Kg4 52. Bd2 Kf3 53. Be1 d2 54. Bxd2 Rdxd2 55. Rxd2 Rxd2 0-1

[Event "London Classic op U1750 11th"]
[Site "London"]
[Date "2019.12.04"]
[Round "3"]
[White "Yapp, Christopher"]
[Black "Burgoyne, Peter"]
[Result "1/2-1/2"]
[WhiteElo "1490"]
[BlackElo "1639"]
[PlyCount "67"]
[EventDate "2019.12.02"]
[EventType "swiss"]
[EventRounds "5"]
[EventCountry "ENG"]
[SourceTitle "CBM 195 Extra"]
[Source "ChessBase"]
[SourceDate "2020.05.31"]
[SourceVersion "1"]
[SourceVersionDate "2020.05.31"]
[SourceQuality "1"]

1. e4 c5 2. Nc3 Nc6 3. f4 d6 4. Nf3 g6 5. Bc4 Bg7 6. d3 e6 7. 0-0 Nge7 8. Qe1 a6 9. a4 Nd4 10. Nxd4 cxd4 11. Ne2 0-0 12. Qf2 Nc6 13. Bd2 d5 14. exd5 exd5 15. Bb3 Bf5 16. Ng3 Qd7 17. Nxf5 Qxf5 18. Qf3 Rad8 19. Rae1 h5 20. Kh1 a5 21. Re2 b6 22. h3 Rd6 23. g4 hxg4 24. hxg4 Qd7 25. Rh2 f5 26. g5 Nd8 27. Re1 Nc6 28. Rhe2 Kf7 29. Rh2 Rh8 30. Rxh8 Bxh8 31. Kg2 Ne7 32. Rh1 Re6 33. Kf2 Qd8 34. Rh7+ 1/2-1/2

[Event "London Classic op U1750 11th"]
[Site "London"]
[Date "2019.12.02"]
[Round "1"]
[White "Muhunthan, Charukgan"]
[Black "Burgoyne, Peter"]
[Result "1-0"]
[WhiteElo "1401"]
[BlackElo "1639"]
[PlyCount "93"]
[EventDate "2019.12.02"]
[EventType "swiss"]
[EventRounds "5"]
[EventCountry "ENG"]
[SourceTitle "CBM 195 Extra"]
[Source "ChessBase"]
[SourceDate "2020.05.31"]
[SourceVersion "1"]
[SourceVersionDate "2020.05.31"]
[SourceQuality "1"]

1. e4 c5 2. Nf3 d6 3. d4 cxd4 4. Nxd4 Nf6 5. Nc3 a6 6. Be3 e5 7. Nf3 Be7 8. h3 h6 9. Be2 Be6 10. 0-0 Nbd7 11. Qd2 Rc8 12. Bd3 b5 13. a3 Nc5 14. b4 Nxd3 15. cxd3 d5 16. exd5 Nxd5 17. Rfc1 Nxe3 18. fxe3 f6 19. e4 0-0 20. Ne2 Qb6+ 21. Kf1 Rxc1+ 22. Rxc1 Rd8 23. Ng3 Bc4 24. Rc3 a5 25. Nf5 Bf8 26. Qc2 axb4 27. axb4 Bf7 28. Rc6 Qa7 29. Rc7 Qa2 30. Qxa2 Bxa2 31. Rc2 Be6 32. Kf2 Ra8 33. Rc6 Ra2+ 34. Kf1 Bxf5 35. exf5 Bxb4 36. Nh4 Ra8 37. Rb6 Ra1+ 38. Ke2 Ra2+ 39. Kf3 Ra3 40. Rxb5 Rxd3+ 41. Ke2 Rd4 42. Ng6 e4 43. Ke3 Rc4 44. g4 Bc5+ 45. Ke2 Bd4 46. Rb8+ Kf7 47. Rf8# 1-0

[Event "Stevenage 4NCL Easter op U2050"]
[Site "Stevenage"]
[Date "2019.04.20"]
[Round "2"]
[White "Burgoyne, Peter"]
[Black "Gibson, Christopher A"]
[Result "1/2-1/2"]
[WhiteElo "1633"]
[BlackElo "1887"]
[PlyCount "132"]
[EventDate "2019.04.19"]
[EventType "swiss"]
[EventRounds "7"]
[EventCountry "ENG"]
[SourceTitle "CBM 190 Extra"]
[Source "ChessBase"]
[SourceDate "2019.07.15"]
[SourceVersion "1"]
[SourceVersionDate "2019.07.15"]
[SourceQuality "1"]

1. e4 e5 2. Nf3 Nc6 3. d4 exd4 4. Bc4 Nf6 5. e5 d5 6. Bb5 Ne4 7. Nxd4 Bc5 8. 0-0 0-0 9. Nxc6 bxc6 10. Bd3 Qh4 11. Be3 Bxe3 12. fxe3 Qg5 13. Rf4 Qxe5 14. Bxe4 dxe4 15. Nc3 Qc5 16. Rxe4 Bf5 17. Qd4 Qxd4 18. Rxd4 Bxc2 19. Rc1 Bg6 20. Na4 Rfe8 21. Kf2 Re7 22. Rc3 c5 23. Rxc5 Rae8 24. Rc3 Be4 25. Nc5 f5 26. g3 c6 27. Nxe4 fxe4 28. Rxc6 Rf7+ 29. Kg2 h5 30. Rcd6 Kh7 31. Rd7 Rxd7 32. Rxd7 Rb8 33. Rd2 g5 34. b3 Kg6 35. h3 Kf6 36. Rd6+ Kf5 37. Rd5+ Kf6 38. Rd7 Rc8 39. Rxa7 Rc2+ 40. Kf1 Rc1+ 41. Ke2 Rc2+ 42. Kd1 Rh2 43. Ra6+ Ke5 44. Ra5+ Kf6 45. h4 gxh4 46. gxh4 Rxh4 47. Ke2 Rh2+ 48. Kf1 h4 49. a4 Rb2 50. Rb5 h3 51. Kg1 Re2 52. a5 Rxe3 53. a6 Re1+ 54. Kh2 Ra1 55. Rb6+ Kf5 56. Kxh3 e3 57. Rb8 Rxa6 58. Re8 Kf4 59. Kg2 Rb6 60. Rf8+ Ke4 61. Re8+ Kd3 62. Kf1 Rxb3 63. Rd8+ Kc2 64. Ke2 Rc3 65. Re8 Rb3 66. Rxe3 Rxe3+ 1/2-1/2

[Event "Telford 4NCL U2050 op"]
[Site "Telford"]
[Date "2018.11.04"]
[Round "9"]
[White "Di Vetta, Andrew"]
[Black "Burgoyne, Peter"]
[Result "1/2-1/2"]
[WhiteElo "1681"]
[BlackElo "1665"]
[PlyCount "76"]
[EventDate "2018.10.31"]
[EventType "swiss"]
[EventRounds "9"]
[EventCountry "ENG"]
[SourceTitle "EXT 2021"]
[Source "ChessBase"]
[SourceDate "2020.10.23"]
[SourceVersion "1"]
[SourceVersionDate "2020.10.23"]
[SourceQuality "1"]

1. d4 Nf6 2. Bf4 c5 3. e3 Qa5+ 4. Qd2 Qxd2+ 5. Nxd2 cxd4 6. exd4 g6 7. Ngf3 Bg7 8. Bd3 0-0 9. c3 Nc6 10. 0-0 d6 11. h3 Bd7 12. Rfe1 Rfe8 13. Bh2 Nd5 14. Bc4 Nb6 15. Bb3 Na5 16. Bc2 Nac4 17. Nxc4 Nxc4 18. b3 Nb6 19. Rad1 Bc6 20. c4 Bxf3 21. gxf3 e5 22. d5 Nd7 23. f4 exf4 24. Bxf4 Ne5 25. Kg2 b6 26. Bc1 Nd7 27. Bd2 Kf8 28. f4 f5 29. Kf3 Rxe1 30. Rxe1 Re8 31. Rxe8+ Kxe8 32. b4 Bd4 33. Ba4 Ke7 34. Be1 Nf6 35. Bh4 Kf7 36. Bc6 Ne4 37. Be1 h6 38. Bd7 Ke7 1/2-1/2

[Event "BCF-chT3S 1617 (4NCL) Demotion pool"]
[Site "England"]
[Date "2017.03.19"]
[Round "8.66"]
[White "Bevan, Peter M"]
[Black "Burgoyne, Peter"]
[Result "1-0"]
[WhiteElo "1911"]
[BlackElo "1690"]
[PlyCount "72"]
[EventDate "2016.11.26"]
[EventType "team-tourn"]
[EventRounds "11"]
[EventCountry "ENG"]
[SourceTitle "EXT 2019"]
[Source "ChessBase"]
[SourceDate "2018.10.10"]
[SourceVersion "1"]
[SourceVersionDate "2018.10.10"]
[SourceQuality "1"]
[WhiteTeam "Rhyfelwyr Essyllwg"]
[BlackTeam "Hackney"]
[WhiteTeamCountry "WLS"]
[BlackTeamCountry "ENG"]

1. c4 e5 2. g3 f5 3. Nf3 Nc6 4. d4 Bb4+ 5. Bd2 Qe7 6. dxe5 Bxd2+ 7. Qxd2 Nxe5 8. Nxe5 Qxe5 9. Nc3 Nf6 10. Bg2 c6 11. 0-0 0-0 12. Rad1 Re8 13. e4 fxe4 14. Nxe4 Nxe4 15. Bxe4 Re6 16. Rfe1 Qf6 17. Bg2 Rxe1+ 18. Rxe1 d6 19. Re8+ Kf7 20. Qe3 h6 21. Rh8 Qe5 22. Qxe5 dxe5 23. Bh3 Bxh3 24. Rxa8 Be6 25. b4 a6 26. c5 Bf5 27. Rb8 Bb1 28. Rxb7+ Kf6 29. a3 Bc2 30. Rb6 Kf5 31. f3 e4 32. fxe4+ Kxe4 33. Kf2 Kd5 34. h4 Bd3 35. Ke3 Bf1 36. Rb7 g5 1-0

[Event "London Classic op U1750 8th"]
[Site "London"]
[Date "2016.12.13"]
[Round "2"]
[White "O'Mahoney, Patrick"]
[Black "Burgoyne, Peter"]
[Result "0-1"]
[WhiteElo "954"]
[BlackElo "1697"]
[PlyCount "69"]
[EventDate "2016.12.12"]
[EventType "swiss"]
[EventRounds "5"]
[EventCountry "ENG"]
[SourceTitle "EXT 2019"]
[Source "ChessBase"]
[SourceDate "2018.10.10"]
[SourceVersion "1"]
[SourceVersionDate "2018.10.10"]
[SourceQuality "1"]

1. e4 c5 2. Nf3 e6 3. d4 cxd4 4. Nxd4 Bc5 5. Nf3 Ne7 6. Bd3 Nbc6 7. c3 0-0 8. 0-0 Ng6 9. Qc2 d5 10. exd5 exd5 11. Re1 Bg4 12. Be2 Re8 13. Qd1 Qb6 14. Rf1 Rad8 15. h3 Bf5 16. b4 Bd6 17. Bd3 Be4 18. Ng5 h6 19. Nxe4 dxe4 20. Be3 Qc7 21. Bxe4 Bh2+ 22. Kh1 Rxd1 23. Rxd1 Rxe4 24. Nd2 Re6 25. Nf3 Bf4 26. Bc5 b6 27. Bd4 Nxd4 28. Nxd4 Rd6 29. Nb5 Rxd1+ 30. Rxd1 Qc4 31. a4 Qe2 32. Rg1 Qxf2 33. Nd4 Qg3 34. Nf3 Nh4 35. Rf1 0-1

[Event "BCF-chT4 1516 (4NCL)"]
[Site "England"]
[Date "2016.01.17"]
[Round "4.198"]
[White "Burgoyne, Peter"]
[Black "Hung, Jake"]
[Result "0-1"]
[WhiteElo "1840"]
[BlackElo "1810"]
[PlyCount "108"]
[EventDate "2015.11.14"]
[EventType "team-swiss"]
[EventRounds "11"]
[EventCountry "ENG"]
[SourceTitle "EXT 2017"]
[Source "ChessBase"]
[SourceDate "2016.10.25"]
[SourceVersion "1"]
[SourceVersionDate "2016.10.25"]
[SourceQuality "1"]
[WhiteTeam "Hackney II"]
[BlackTeam "Barnet Knights"]
[WhiteTeamCountry "ENG"]
[BlackTeamCountry "ENG"]

1. e4 c6 2. d4 d5 3. f3 dxe4 4. fxe4 Nd7 5. Nf3 Qc7 6. Bd3 e5 7. c3 Bd6 8. 0-0 Ngf6 9. Bg5 0-0 10. Nbd2 h6 11. Bh4 Ng4 12. Qe2 exd4 13. cxd4 Bxh2+ 14. Kh1 Bg3 15. e5 Bxh4 16. Nxh4 Qd8 17. g3 Ndxe5 18. dxe5 Nxe5 19. Bc2 Re8 20. Rae1 Bh3 21. Ng2 Qd7 22. Nf3 Ng4 23. Qd3 Qxd3 24. Bxd3 Bxg2+ 25. Kxg2 Ne3+ 26. Rxe3 Rxe3 27. Rd1 Rae8 28. Bc4 b5 29. Bf1 R3e6 30. Rd7 R8e7 31. Rd8+ Re8 32. Rd7 R6e7 33. Rd6 Rc8 34. Nd4 Rec7 35. Be2 Re8 36. Bf3 Kf8 37. Bxc6 Rb8 38. Bf3 g6 39. Ra6 Rd8 40. Nxb5 Rc2+ 41. Kh3 Rxb2 42. Nxa7 Rdd2 43. Nc6 h5 44. g4 Rh2+ 45. Kg3 h4+ 46. Kf4 Rhf2 47. Ne5 h3 48. Nxg6+ fxg6 49. Rxg6 Rxa2 50. Rh6 h2 51. Kg3 Kg7 52. g5 Rfc2 53. Rh3 Rc3 54. Kg4 Raa3 0-1

[Event "BCF-chT4 1516 (4NCL)"]
[Site "England"]
[Date "2015.11.15"]
[Round "2.99"]
[White "Burgoyne, Peter"]
[Black "Campbell, Mark C"]
[Result "0-1"]
[WhiteElo "1840"]
[BlackElo "1943"]
[PlyCount "64"]
[EventDate "2015.11.14"]
[EventType "team-swiss"]
[EventRounds "11"]
[EventCountry "ENG"]
[SourceTitle "EXT 2017"]
[Source "ChessBase"]
[SourceDate "2016.10.25"]
[SourceVersion "1"]
[SourceVersionDate "2016.10.25"]
[SourceQuality "1"]
[WhiteTeam "Hackney II"]
[BlackTeam "Cambridge III"]
[WhiteTeamCountry "ENG"]
[BlackTeamCountry "ENG"]

1. e4 c5 2. c3 Nf6 3. e5 Nd5 4. d4 cxd4 5. cxd4 e6 6. Nc3 Nxc3 7. bxc3 Qc7 8. Bd2 d6 9. f4 b6 10. Nf3 Bb7 11. Bd3 Nd7 12. 0-0 Be7 13. Qe1 0-0 14. f5 dxe5 15. fxe6 fxe6 16. Qg3 Bxf3 17. Rxf3 Rxf3 18. gxf3 Bd6 19. Qh3 Nf8 20. Re1 Re8 21. Re4 g6 22. Qh6 exd4 23. cxd4 Qf7 24. Kf2 Nd7 25. Bf4 Bxf4 26. Rxf4 Qg7 27. Qh3 Nf6 28. Bc4 Qe7 29. Qf1 g5 30. Qg2 Qg7 31. Rf5 Kh8 32. Qxg5 exf5 0-1

[Event "BCF-chT3S 1415 (4NCL)"]
[Site "England"]
[Date "2015.02.14"]
[Round "5.156"]
[White "Van Kemenade, Rudy"]
[Black "Burgoyne, Peter"]
[Result "1-0"]
[WhiteElo "1981"]
[BlackElo "1762"]
[PlyCount "61"]
[EventDate "2014.11.15"]
[EventType "team-swiss"]
[EventRounds "6"]
[EventCountry "ENG"]
[SourceTitle "EXT 2016"]
[Source "ChessBase"]
[SourceDate "2015.10.08"]
[SourceVersion "1"]
[SourceVersionDate "2015.10.08"]
[SourceQuality "1"]
[WhiteTeam "Rhyfelwyr Essyllwg II"]
[BlackTeam "Hackney II"]
[WhiteTeamCountry "ENG"]
[BlackTeamCountry "ENG"]

1. e4 c5 2. Nf3 e6 3. d3 g6 4. g3 Bg7 5. Bg2 Ne7 6. 0-0 0-0 7. Re1 Nbc6 8. c3 d6 9. h4 e5 10. Nbd2 f5 11. Ng5 f4 12. Qb3+ d5 13. exd5 Na5 14. Qa3 fxg3 15. fxg3 Nf5 16. Nde4 h6 17. Nh3 Nxh4 18. gxh4 Qxh4 19. Re3 Bxh3 20. Bxh3 b6 21. Bd2 Rf4 22. Be1 Qh5 23. Bg3 Qxh3 24. Bxf4 Qg4+ 25. Bg3 h5 26. Qa4 Rf8 27. Qd1 Qh3 28. Ng5 Qd7 29. Rf3 Qxd5 30. Rxf8+ Kxf8 31. Qf3+ 1-0

[Event "Hampstead op U2200 06"]
[Site "Hampstead"]
[Date "2013.06.30"]
[Round "5"]
[White "Burgoyne, Peter"]
[Black "Millward, David J"]
[Result "1/2-1/2"]
[WhiteElo "1689"]
[BlackElo "1998"]
[PlyCount "70"]
[EventDate "2013.06.29"]
[EventType "swiss"]
[EventRounds "5"]
[EventCountry "ENG"]
[SourceTitle "EXT 2014"]
[Source "ChessBase"]
[SourceDate "2013.11.20"]
[SourceVersion "1"]
[SourceVersionDate "2013.11.20"]
[SourceQuality "1"]

1. e4 d5 2. exd5 Qxd5 3. d4 Nf6 4. Nf3 Bg4 5. Be2 c6 6. 0-0 e6 7. h3 Bxf3 8. Bxf3 Qd8 9. c4 Be7 10. Nc3 0-0 11. Re1 Re8 12. Bf4 Nbd7 13. d5 exd5 14. cxd5 Qb6 15. dxc6 bxc6 16. Ne4 Bb4 17. Nxf6+ Nxf6 18. Rxe8+ Rxe8 19. Qc2 Nd5 20. Bg3 Bf8 21. a3 g6 22. Rc1 Re6 23. Bg4 f5 24. Bf3 Qa5 25. Rd1 Re1+ 26. Rxe1 Qxe1+ 27. Kh2 Qe6 28. Qd3 Be7 29. Bxd5 cxd5 30. Qd4 a6 31. Be5 Bc5 32. Qxc5 Qxe5+ 33. Kg1 Qe1+ 34. Kh2 Qe6 35. Kg1 Qe1+ 1/2-1/2

[Event "BCF-chT3 0910 (4NCL)"]
[Site "England"]
[Date "2010.03.27"]
[Round "7.5"]
[White "Homer, Neil S"]
[Black "Burgoyne, Peter"]
[Result "0-1"]
[WhiteElo "1675"]
[BlackElo "1882"]
[PlyCount "72"]
[EventDate "2009.10.24"]
[EventType "team-tourn"]
[EventRounds "11"]
[EventCountry "ENG"]
[SourceTitle "EXT 2011"]
[Source "ChessBase"]
[SourceDate "2010.11.26"]
[SourceVersion "1"]
[SourceVersionDate "2010.11.26"]
[SourceQuality "1"]
[WhiteTeam "e2e4.org.uk III"]
[BlackTeam "Hackney"]
[WhiteTeamCountry "ENG"]
[BlackTeamCountry "ENG"]

1. Nf3 c5 2. c4 g6 3. Nc3 Bg7 4. d4 cxd4 5. Nxd4 Nf6 6. e4 d6 7. Be2 Nc6 8. Be3 0-0 9. 0-0 Bd7 10. f3 Nh5 11. Nxc6 bxc6 12. Qd2 Qa5 13. a3 Be6 14. b4 Qc7 15. Rac1 Qb7 16. c5 Rfd8 17. cxd6 exd6 18. Rfd1 Rac8 19. Kh1 Bb3 20. Rf1 d5 21. exd5 cxd5 22. Nb5 Bc4 23. Nd4 Qe7 24. Bg5 f6 25. Bh4 g5 26. Bf2 Nf4 27. Bxc4 dxc4 28. Qa2 Nd3 29. Nf5 Qe6 30. Nxg7 Kxg7 31. Rcd1 Re8 32. Rxd3 cxd3 33. Qxe6 Rxe6 34. Rd1 Re2 35. Bxa7 d2 36. Bg1 Rc1 0-1